| 000 | 02337cam a2200349 i 4500 | ||
|---|---|---|---|
| 001 | 17793422 | ||
| 003 | NUST | ||
| 005 | 20220827174628.0 | ||
| 008 | 130627s2014 ilua j b 001 0ceng | ||
| 010 | _a 2013024950 | ||
| 020 | _a9781613748442 | ||
| 038 | _aAzhar | ||
| 040 |
_aDLC _beng _cDLC _erda _dDLC |
||
| 042 | _apcc | ||
| 050 | 0 | 0 |
_aTL793 _b.G457 2014 |
| 082 | 0 | 0 |
_a629.45009252 _223 _bGIB |
| 100 | 1 |
_aGibson, Karen Bush. _996353 |
|
| 245 | 1 | 0 |
_aWomen in space : _b23 stories of first flights, scientific missions, and gravity-breaking adventures _cKaren Bush Gibson. |
| 260 |
_aChicago, Illinois : _bChicago Review Press, Incorporated, _c2014 |
||
| 300 |
_a234 pages : _billustrations ; _c23 cm |
||
| 336 |
_atext _2rdacontent |
||
| 337 |
_aunmediated _2rdamedia |
||
| 338 |
_avolume _2rdacarrier |
||
| 504 | _aIncludes bibliographical references( pages 221-227) and index. | ||
| 505 | 0 | _aThe Mercury 13 : the astronauts who never were -- Cosmonauts : Valentina Tereshkova : first in space -- Svetlana Savitskaya : no apron for her -- Elena Kondakova : long-duration stay -- Yelena Serova : ready and waiting -- American women join the space race -- Sally Ride : first American woman in space -- Judith Resnik : all she ever wanted to do -- Kathryn Sullivan : a walk into history -- Shannon Lucid : a Russian favorite -- Mae Jemison : doctor astronaut -- Ellen Ochoa : career astronaut -- Eileen Collins : space shuttle commander -- Catherine (Cady) Coleman : musical astronaut -- Pamela Melroy : piloting in space -- Peggy Whitson : space station commander -- Sunita Williams : breaking records -- Barbara Morgan : teachers in space -- World astronauts -- Roberta Bondar : living a childhood dream -- Chiaki Mukai : opening doors -- Claudie Haigner : French astronaut and Soyuz commander -- Yi Soyeon : first Korean in space -- Kalpana Chawla : a tragic end -- Liu Yang : a flying knight in space -- Samantha Cristoforetti : military pilot astronaut -- The future of spaceflight. | |
| 521 | 1 | _a12+ | |
| 650 | 0 |
_aWomen astronauts _vBiography _vJuvenile literature. _996354 |
|
| 650 | 0 |
_aWomen in astronautics _vJuvenile literature. _996355 |
|
| 906 |
_a7 _bcbc _corignew _d1 _eecip _f20 _gy-gencatlg |
||
| 942 |
_2ddc _cLC |
||
| 999 |
_c590762 _d590762 |
||